Southville International School and Colleges
Your cart is empty.
  • Cart
  • Lists
    Public lists Eva Luna New books Lux_list list_1
    Your lists Log in to create your own lists
  • Log in to your account
  • Your cookies
  • Search history
Southville International School and Colleges
  • Advanced search
  • Recent comments
  • Most popular
  • Libraries

Log in to your account

Log in with GOOGLE


If you do not have an external account, but do have a local account, you can still log in:

  1. Home
  2. MARC view: The Origin of Humankind /
Normal view MARC view ISBD view

The Origin of Humankind / (Record no. 39813)

[ view plain ]
MARC details
000 -LEADER
fixed length control field 00622nam a22002177a 4500
003 - CONTROL NUMBER IDENTIFIER
control field OSt
005 - DATE AND TIME OF LATEST TRANSACTION
control field 20140311163044.0
008 - FIXED-LENGTH DATA ELEMENTS--GENERAL INFORMATION
fixed length control field 140111b xxu||||| |||| 00| 0 eng d
020 ## - INTERNATIONAL STANDARD BOOK NUMBER
International Standard Book Number 046503135
050 ## - LIBRARY OF CONGRESS CALL NUMBER
Classification number GN 281
Item number .L39 1994
100 ## - MAIN ENTRY--PERSONAL NAME
Personal name Leakey, Richard
9 (RLIN) 30549
245 ## - TITLE STATEMENT
Title The Origin of Humankind /
Statement of responsibility, etc Richard Leakey.
260 ## - PUBLICATION, DISTRIBUTION, ETC. (IMPRINT)
Place of publication, distribution, etc New york :
Name of publisher, distributor, etc HarperCollins Pub.,
Date of publication, distribution, etc 1994.
300 ## - PHYSICAL DESCRIPTION
Extent 171p. :
Other physical details ill. ;
Dimensions 20 cm.
500 ## - GENERAL NOTE
General note Includes bibliographical references index
651 ## - SUBJECT ADDED ENTRY--GEOGRAPHIC NAME
Source of heading or term The First Human
651 ## - SUBJECT ADDED ENTRY--GEOGRAPHIC NAME
Source of heading or term Different kind of human
651 ## - SUBJECT ADDED ENTRY--GEOGRAPHIC NAME
Source of heading or term Origins of Modern Human
942 ## - ADDED ENTRY ELEMENTS (KOHA)
Source of classification or shelving scheme Library of Congress Classification
Koha item type
Holdings
Withdrawn status Lost status Source of classification or shelving scheme Damaged status Home library Current library Shelving location Date acquired Total Checkouts Full call number Barcode Date last seen Copy number Price effective from Koha item type
    Library of Congress Classification   Luxembourg Library Luxembourg Library High School Section 01/11/2014   GN 281 .L39 1994 4888 07/17/2019 1 01/11/2014 Books

The Origin of Humankind /

APA

Leakey R., . (1994). The Origin of Humankind. New york: HarperCollins Pub.

Chicago

Leakey Richard, . 1994. The Origin of Humankind. New york: HarperCollins Pub.

Harvard

Leakey R., . (1994). The Origin of Humankind. New york: HarperCollins Pub.

MLA

Leakey Richard, . The Origin of Humankind. New york: HarperCollins Pub. 1994.

  • Place hold
  • Print
  • Cite
  • Add to your cart (remove)
  • Save record
    BIBTEX Dublin Core MARCXML MARC (non-Unicode/MARC-8) MARC (Unicode/UTF-8) MARC (Unicode/UTF-8, Standard) MODS (XML) RIS
  • More searches
    Search for this title in:
    Other Libraries (WorldCat) Other Databases (Google Scholar) Online Stores (Bookfinder.com) Open Library (openlibrary.org)

Exporting to Dublin Core...

SOUTHVILLE LIBRARY

Southville International School and Colleges Library

1281 Tropical Ave. Cor. Luxembourg St., BF Homes International, Las Pinas City

Tel. No. 8256374 / 252358 Loc. 117/146

Powered by Koha